000 00843caa a22002417a 4500
999 _c413724
_d413724
001 126503
003 UA-OsUOA
005 20200116145156.0
007 ta
008 20171026b un ||||| |||| 00| 0 ukr d
040 _aUA-OsUOA
_bukr
_cUA-OsUOA
_dUA-OsUOA
041 _aukr
080 _a908
090 _a908
_bЗ-13
100 _aЗавадська О.
245 _aПоширення ідей краєзнавчого руху серед волинської молоді у 1921–1939 рр.
_cО. Завадська
300 _aС. 225–270
650 7 _a908 Краєзнавство
_2UDC
773 0 _0340477
_9367361
_dОстрог 2007
_o113643
_tНаукові записки
_w(UA-OsUOA) 54347
_z966-7631-62-1
942 _cBKA
_2udc
955 _a1